ENCYCLOPEDIA of DISCOVERIES: Science and history (Record no. 541952)
[ view plain ]
| 000 -LEADER | |
|---|---|
| fixed length control field | 00604nam a22001697a 4500 |
| 020 ## - INTERNATIONAL STANDARD BOOK NUMBER | |
| International Standard Book Number | 1740895460 |
| 022 ## - INTERNATIONAL STANDARD SERIAL NUMBER | |
| International Standard Serial Number | 978-1740895460 |
| 082 ## - DEWEY DECIMAL CLASSIFICATION NUMBER | |
| Classification number | 030 |
| Author Mark | ENC |
| -- | N-01,P-197 |
| 100 ## - MAIN ENTRY--PERSONAL NAME | |
| Personal name | John Oven (Author) |
| 9 (RLIN) | 37025 |
| 245 ## - TITLE STATEMENT | |
| Title | ENCYCLOPEDIA of DISCOVERIES: Science and history |
| Remainder of title | : 4-BOOK-BOX SET 4-Volume-set |
| Statement of responsibility, etc. | John Oven (Author) |
| 260 ## - PUBLICATION, DISTRIBUTION, ETC. | |
| Place of publication, distribution, etc. | San Francisco |
| Name of publisher, distributor, etc. | Fog City Press |
| Date of publication, distribution, etc. | (2004) |
| 300 ## - PHYSICAL DESCRIPTION | |
| Extent | 640 p. : |
| Other physical details | Col, ill. |
| Dimensions | 22 cm |
| 505 ## - FORMATTED CONTENTS NOTE | |
| Formatted contents note | 4-Volume-set: Nature, Science and History, Reptiles and Insects, Skywatching |
| 526 ## - STUDY PROGRAM INFORMATION NOTE | |
| Program name | 0 |
| Interest level | 0 |
| Reading level | 0 |
| Title point value | 030_000000000000000_ENC |
| 650 ## - SUBJECT ADDED ENTRY--TOPICAL TERM | |
| Topical term or geographic name entry element | NUST |
| 9 (RLIN) | 6342 |
| 942 ## - ADDED ENTRY ELEMENTS (KOHA) | |
| Source of classification or shelving scheme | |
| Koha item type | Book |
| Withdrawn status | Lost status | Source of classification or shelving scheme | Damaged status | Not for loan | Permanent Location | Current Location | Date acquired | Total Checkouts | Total Renewals | Full call number | Barcode | Date last seen | Date last checked out | Price effective from | Koha item type |
|---|---|---|---|---|---|---|---|---|---|---|---|---|---|---|---|
| Military College of Engineering (MCE) | Military College of Engineering (MCE) | 09/12/2013 | 4 | 1 | 030 ENC | MCE-39381 | 06/21/2017 | 04/07/2017 | 09/12/2013 | Book |
